000 00671nam a2200193 i 4500
001 165204
003 ES-MaACL
005 20250618063031.0
008 940615s1882 sp a |||| | spa d
040 _aCAM
_bspa
100 1 _aSepĂșlveda, Ricardo,
_d1846-1909
_9132653
245 1 3 _aLa Casa de las Siete Chimeneas /
_cpor Ricardo SepĂșlveda.
260 _aMadrid :
_b[s.n.],
_c1882 (
_fSucesores de Rivadeneyra)
300 _a62 p. :
_bil. ;
_c22 cm.
610 2 4 _aCasa de las siete chimeneas (Madrid)
_9143656
651 4 _aMadrid-
_xHistoria.
_98963
852 _aES-MaACL
_jT-428-F-3
_z-- Enc. hol.
_z-- Enc. en un vol. facticio
999 _c165204
_d165204